000 00470nam a2200169Ia 4500
008 090711s9999 xx 000 0 und d
082 _b34034
100 _aबांदोडकर व. पु.
245 _aकस्तुरी
260 _c1969
300 _a220
600 _aबांदोडकर व. पु.
630 _aकस्तुरी
700 _aबांदोडकर व. पु.
730 _aकस्तुरी
942 _cBOOK
999 _c298176
_d298176